microelectronic circuits,5/e (Record no. 290609)

000 -LEADER
fixed length control field 00406 a2200157 4500
001 - CONTROL NUMBER
control field 55536
090 ## - LOCALLY ASSIGNED LC-TYPE CALL NUMBER (OCLC); LOCAL CALL NUMBER (RLIN)
-- 34469
-- 34469
100 ## - MAIN ENTRY--PERSONAL NAME
Personal name sedra / smith
245 ## - TITLE STATEMENT
Title microelectronic circuits,5/e
Statement of responsibility, etc. sedra and smith
250 ## - EDITION STATEMENT
Edition statement 5
260 ## - PUBLICATION, DISTRIBUTION, ETC.
Place of publication, distribution, etc. New york
Name of publisher, distributor, etc. Chapman Hall
Date of publication, distribution, etc. 2004
300 ## - PHYSICAL DESCRIPTION
Accompanying material with CD
500 ## - GENERAL NOTE
General note BE Avionics textbook
505 ## - FORMATTED CONTENTS NOTE
Formatted contents note CD/DVD
650 ## - SUBJECT ADDED ENTRY--TOPICAL TERM
Topical term or geographic name entry element OrCAD products
Location of event PSpice 9.2 * SPICE circuit examples
942 ## - ADDED ENTRY ELEMENTS (KOHA)
Institution code [OBSOLETE] NUST-CAE
Holdings
Withdrawn status Lost status Damaged status Not for loan Collection code Permanent Location Current Location Date acquired Total Checkouts Barcode Date last seen Price effective from Koha item type
          College of Aeronautical Engineering (CAE) College of Aeronautical Engineering (CAE) 04/03/2017   CAE79736 04/05/2017 04/05/2017 Book
© 2023 Central Library, National University of Sciences and Technology. All Rights Reserved.